| 000 | 00539nam a2200193Ia 4500 | ||
|---|---|---|---|
| 003 | LDD | ||
| 008 | 181029s9999 xx 000 0 und d | ||
| 020 |
_a8120609735 _c235.00 |
||
| 040 | _cLDD | ||
| 100 | _aGeden, A.S. | ||
| 245 | 0 |
_aComparative religion _cA.S. Geden |
|
| 260 |
_aNew Delhi _bAsian Educational Services _c1994 |
||
| 300 | _a144p. | ||
| 365 | _b235.00 | ||
| 901 |
_a6401 _b22-10-2010 |
||
| 902 |
_aAES/A-0322 _b08-11-2010 _cF _dAES _e95 |
||
| 903 |
_aDiscount-15 _bReqst by : Ravindera Kumar |
||
| 942 |
_2ddc _cBK |
||
| 999 |
_c92001 _d92001 |
||